| 000 | 00758cam a22002533a 4500 | ||
|---|---|---|---|
| 001 | 14671 | ||
| 003 | PGUSA | ||
| 005 | 20140828083320.0 | ||
| 008 | 050111s2005||||xxu|||||s|||||000 1 eng d | ||
| 040 |
_aPGUSA _beng |
||
| 042 | _adc | ||
| 050 | 4 | _aPS | |
| 100 | 1 |
_aMajor, Charles, _d1856-1913 |
|
| 245 | 1 | 0 |
_aDorothy Vernon of Haddon Hall _h[electronic resource] / _cCharles Major |
| 260 |
_bProject Gutenberg, _c2005 |
||
| 506 | _aPublic domain in the USA. | ||
| 516 | _aElectronic text | ||
| 653 | _aHistorical fiction | ||
| 653 | _aHaddon Hall (England) -- Fiction | ||
| 653 | _aGreat Britain -- History -- Elizabeth, 1558-1603 -- Fiction | ||
| 830 | 0 |
_aProject Gutenberg _v14671 |
|
| 856 | 4 | 0 | _uhttp://www.gutenberg.org/ebooks/14671 |
| 942 | _cEB | ||
| 999 |
_c243926 _d243926 |
||